000 00756nam a22001577a 4500
003 OSt
005 20161104095519.0
008 161104b xxu||||| |||| 00| 0 eng d
040 _cRUA
082 _aAGR TAI 2015 B520 Or.1
100 _911147
_aTAING SOPHAL; តាំង សុផល
245 _aComparison of application time of urea fertilizer on bunching onion in kean svay district, kandal province; ប្រៀបធៀបពេលវេលាក្នុងការប្រើប្រាស់ជីអ៊ុយរ៉េលើដំណាំខ្ទឹមស្លឹក នៅស្រុកកៀនស្វាយ ខេត្តកណ្ដាល
260 _aPhnom Penh
_bTAI
_c2015
300 _ax;41p.
_bill.
_c29cm.
942 _2ddc
_cAGR
999 _c10719
_d10719